Normal view
MARC view
- Patil Tanvi P - 2K111114 & Prof Santosh Kshirsager - Guide
Entry Personal Name
001 - CONTROL NUMBER
- control field: 101906
003 - CONTROL NUMBER IDENTIFIER
- control field: OSt
005 - DATE AND TIME OF LATEST TRANSACTION
- control field: 20221007215902.0
008 - FIXED-LENGTH DATA ELEMENTS
- fixed length control field: 221007|| aca||aabn | a|a d
040 ## - CATALOGING SOURCE
- Original cataloging agency: OSt
- Transcribing agency: OSt
100 ## - HEADING--PERSONAL NAME
- Personal name: Patil Tanvi P - 2K111114 & Prof Santosh Kshirsager - Guide
670 ## - SOURCE DATA FOUND
- Source citation: Work cat.: (OSt)69061: Patil Tanvi P - 2K111114 & Prof Santosh Kshirsager - Guide, A Study on Employee Motivation, 2013